Indonesia : A survey of U. S. business opportunities
Đã lưu trong:
| Format: | Bog |
|---|---|
| Sprog: | Undetermined |
| Udgivet: |
Washington
U. S. Department of Commerce
1977
|
| Fag: | |
| Tags: |
Tilføj Tag
Ingen Tags, Vær først til at tagge denne postø!
|
| Thư viện lưu trữ: | Trung tâm Học liệu Trường Đại học Cần Thơ |
|---|
| LEADER | 00543nam a2200181Ia 4500 | ||
|---|---|---|---|
| 001 | CTU_107737 | ||
| 008 | 210402s9999 xx 000 0 und d | ||
| 082 | |a 330.09598 | ||
| 082 | |b I.41 | ||
| 245 | 0 | |a Indonesia : | |
| 245 | 2 | |b A survey of U. S. business opportunities | |
| 260 | |a Washington | ||
| 260 | |b U. S. Department of Commerce | ||
| 260 | |c 1977 | ||
| 650 | |a Market surveys,Industries,Market surveys | ||
| 650 | |z Indonesia,Indonesia,Indonesia | ||
| 904 | |i Bạch Trúc | ||
| 980 | |a Trung tâm Học liệu Trường Đại học Cần Thơ | ||